[Event "Bhubaneswar Pillai Memorial"]
[Site "Bhubaneswar"]
[Date "2016.11.20"]
[Round "1"]
[White "Nayak, Biswajit"]
[Black "Barik, Bijayalaxmi"]
[Result "1-0"]
[WhiteElo "2040"]
[BlackElo "1075"]
[PlyCount "75"]
[EventDate "2016.11.20"]
[EventType "swiss"]
[EventRounds "11"]
[EventCountry "IND"]
[SourceTitle "CBM 175 Extra"]
[Source "ChessBase"]
[SourceDate "2016.12.12"]
[SourceVersion "1"]
[SourceVersionDate "2016.12.12"]
[SourceQuality "1"]

1. d4 Nf6 2. c4 g6 3. Nc3 d5 4. Nf3 Bg7 5. Bf4 0-0 6. e3 dxc4 7. Bxc4 Bf5 8. Rc1 Nbd7 9. h3 c5 10. 0-0 Nb6 11. Be2 cxd4 12. Nxd4 Bd7 13. Bf3 Bc8 14. Ndb5 a6 15. Qxd8 Rxd8 16. Bc7 Rd7 17. Bxb6 axb5 18. Nxb5 Nd5 19. Bxd5 Rxd5 20. Nc7 Bxb2 21. Rc2 Rxa2 22. Nxd5 Be6 23. Nb4 Ra4 24. Rxb2 Bc4 25. Rc1 Be6 26. Rc7 Ra1+ 27. Kh2 Bf5 28. Bd4 h6 29. Nd5 Be6 30. Rbxb7 Ra8 31. Nxe7+ Kh7 32. Nc6 Rf8 33. Ne5 Rd8 34. Nxf7 Bxf7 35. Rxf7+ Kg8 36. Rg7+ Kf8 37. Rh7 Kg8 38. Rh8# 1-0